Global Supply Chain and Operations Management : A Decision- Oriented Introduction to the Creation of Value (Record no. 3831)

MARC details
005 - DATE AND TIME OF LATEST TRANSACTION
control field 20250612093724.0
020 ## - INTERNATIONAL STANDARD BOOK NUMBER
International Standard Book Number 978-3-030-72330-9
082 ## - DEWEY DECIMAL CLASSIFICATION NUMBER
Classification number 658.7 IVA
100 ## - MAIN ENTRY--PERSONAL NAME
Author name IVANOV, D.
245 ## - TITLE STATEMENT
Title Global Supply Chain and Operations Management : A Decision- Oriented Introduction to the Creation of Value
250 ## - EDITION STATEMENT
Edition statement 3rd Ed.
260 ## - PUBLICATION, DISTRIBUTION, ETC.
Place of publication, distribution, etc. London,
Name of publisher, distributor, etc. Springer,
Date of publication, distribution, etc. 2021.
300 ## - PHYSICAL DESCRIPTION
Extent xxxi, 673p.: Ill.; figures & table.
Other physical details Index
Dimensions 24cm.
700 ## - ADDED ENTRY--PERSONAL NAME
Other authors/Editors TSIPOULANIDIS, A. & SCHONBERGER, J.
942 ## - ADDED ENTRY ELEMENTS (KOHA)
Source of classification or shelving scheme Dewey Decimal Classification
Koha item type Books
Holdings
Date last seen Total checkouts Full call number Barcode Cost, replacement price Price effective from Koha item type Lost status Source of classification or shelving scheme Damaged status Not for loan Withdrawn status Home library Current library Shelving location Date acquired Cost, normal purchase price
06/12/2025   658.7 IVA 00000012652 762738.00 06/12/2025 Books   Dewey Decimal Classification       College of Business Education Main Library College of Business Education Main Library General Collection 09/17/2024 254246.00
06/12/2025   658.7 IVA 00000012653 762738.00 06/12/2025 Books   Dewey Decimal Classification       College of Business Education Main Library College of Business Education Main Library General Collection 09/17/2024 254246.00
06/12/2025   658.7 IVA 00000012654 762738.00 06/12/2025 Books   Dewey Decimal Classification       College of Business Education Main Library College of Business Education Main Library General Collection 09/17/2024 254246.00
06/12/2025   658.7 IVA 00000012655 762738.00 06/12/2025 Books   Dewey Decimal Classification       College of Business Education Main Library College of Business Education Main Library General Collection 09/17/2024 254246.00
06/12/2025   658.7 IVA 00000012656 762738.00 06/12/2025 Books   Dewey Decimal Classification       College of Business Education Main Library College of Business Education Main Library General Collection 09/17/2024 254246.00